|
|
|
|
| LEADER |
01353nam a2200361 a 4500 |
| 001 |
14402 |
| 003 |
BD-DhAAL |
| 005 |
20150108103759.0 |
| 008 |
150108s1993 njua b 001 0 eng c |
| 010 |
|
|
|a 92048252
|
| 020 |
|
|
|a 0691032459 (cl : alk. paper) :
|
| 040 |
|
|
|a DNLM/DLC
|c DLC
|d DLC
|d BD-DhAAL
|
| 050 |
0 |
0 |
|a BF109.F74
|b G554 1993
|
| 060 |
|
|
|a GN 502 G474f
|
| 082 |
0 |
0 |
|a 150.19/52
|2 20
|
| 100 |
1 |
|
|a Gilman, Sander L.
|9 7175
|
| 245 |
1 |
0 |
|a Freud, race, and gender /
|c Sander L. Gilman.
|
| 260 |
|
|
|a Princeton, N.J. :
|b Princeton University Press,
|c c1993.
|
| 300 |
|
|
|a xvi, 277 p. :
|b ill. ;
|c 25 cm.
|
| 504 |
|
|
|a Includes bibliographical references (p. [201]-265) and index.
|
| 541 |
|
|
|e 14402
|
| 600 |
1 |
0 |
|a Freud, Sigmund,
|d 1856-1939
|x Religion.
|9 7176
|
| 650 |
|
0 |
|a Judaism and psychoanalysis.
|9 7177
|
| 650 |
|
0 |
|a Antisemitism
|x Psychological aspects
|x History.
|9 7178
|
| 650 |
|
0 |
|a Medicine
|z Austria
|z Vienna
|x History.
|9 7179
|
| 650 |
|
0 |
|a Jewish men
|x Psychology
|x History.
|9 7180
|
| 650 |
|
2 |
|a Ethnopsychology.
|9 7181
|
| 650 |
|
2 |
|a Freudian Theory.
|9 7182
|
| 650 |
|
2 |
|a Gender Identity.
|9 7183
|
| 650 |
|
2 |
|a Race Relations.
|9 7184
|
| 942 |
|
|
|2 ddc
|c BK
|
| 999 |
|
|
|c 33408
|d 33408
|
| 952 |
|
|
|0 0
|1 0
|2 ddc
|4 0
|6 150_195200000000000_GIL
|7 0
|9 44651
|a BRACUL
|b BRACUL
|c GEN
|d 2015-01-08
|l 2
|m 4
|o 150.1952 GIL
|p 3010014402
|r 2025-07-30
|s 2025-07-02
|t 1
|w 2015-01-08
|y BK
|